000 00393nam a2200145Ia 4500
008 211109s9999||||xx |||||||||||||| ||und||
082 _a823.2
_bBAR-B
100 _aBaring-Gould, S
245 0 _aBroom - Squire
260 _bMathrubhumi
_aKozhikode
_c1913
300 _a296p.
630 _xGeneral Stack
650 _aEnglish Literature
_vEnglish FictionEnglish Novels
_xGeneralia
942 _cBOOK
999 _c9587
_d9587